[Event "12th TCh-RUS Women"]
[Site "Olginka RUS"]
[Date "2011.04.16"]
[Round "1"]
[White "Iljushina, Olga"]
[Black "Lahno, Kateryna"]
[Result "0-1"]
[WhiteTitle "WGM"]
[BlackTitle "GM"]
[WhiteElo "2352"]
[BlackElo "2531"]
[WhiteTeam "Ugra"]
[BlackTeam "ABC"]
[WhiteFideId "4152280"]
[BlackFideId "14109336"]
[EventDate "2011.04.16"]

1. Nf3 Nf6 2. b3 g6 3. Bb2 Bg7 4. g3 O-O 5. Bg2 d5 6. c4 c6 7. O-O Bg4 8. d3
Nbd7 9. Nbd2 Re8 10. Rc1 e5 11. cxd5 cxd5 12. h3 Bxf3 13. Nxf3 Qa5 14. Qc2 Bh6
15. e3 Bf8 16. a3 Bxa3 17. Bc3 Qc7 18. Ba1 Qxc2 19. Rxc2 Bd6 20. Rfc1 Nb6 21.
Bb2 Nfd7 22. h4 Rac8 23. Rxc8 Rxc8 24. Rxc8+ Nxc8 25. Bh3 Ncb6 26. d4 e4 27. Nd2
Nb8 28. Nb1 Nc6 29. Bg4 Kf8 30. Kg2 Ke7 31. Bd1 Bb4 32. g4 h6 33. f3 Be1 34. h5
gxh5 35. gxh5 f5 36. Ba3+ Bb4 37. Bb2 Ke6 38. Kg3 Be1+ 39. Kg2 Nb4 40. Ba3 Nd7
41. Kf1 Nd3 42. fxe4 dxe4 43. Ke2 Nf6 44. Bc2 Bb4 45. Bxd3 exd3+ 46. Kxd3 Bxa3
47. Nxa3 Nxh5 48. e4 fxe4+ 49. Kxe4 Nf6+ 50. Kf4 Kd5 51. Nc2 a5 52. Ke3 h5 53.
Kd3 Ng4 54. Ne1 b5 55. Ng2 Nf6 56. Ke3 Ke6 57. Nh4 Ne8 58. Ke4 Nd6+ 59. Kd3 Kf6
60. Nf3 Kf5 61. Ke3 Kg4 62. d5 Kg3 63. Ng5 h4 64. Kd4 Kg4 0-1

[Event "12th TCh-RUS Women"]
[Site "Olginka RUS"]
[Date "2011.04.16"]
[Round "1"]
[White "Pogonina, Natalija"]
[Black "Nebolsina, Vera"]
[Result "1/2-1/2"]
[WhiteTitle "WGM"]
[BlackTitle "WGM"]
[WhiteElo "2446"]
[BlackElo "2305"]
[WhiteTeam "ABC"]
[BlackTeam "Ugra"]
[WhiteFideId "4147855"]
[BlackFideId "4163591"]
[EventDate "2011.04.16"]

1. e4 e5 2. Nf3 Nc6 3. Bb5 a6 4. Ba4 d6 5. c4 Bd7 6. Nc3 g6 7. d3 Bg7 8. Bg5 f6
9. Be3 Nh6 10. h3 Nf7 11. d4 O-O 12. O-O Kh8 13. d5 Ne7 14. c5 f5 15. cxd6 Nxd6
16. Bxd7 Qxd7 17. Ng5 Nxe4 18. Ncxe4 fxe4 19. Ne6 Rf7 20. Nxc7 Qxc7 21. d6 Qd7
22. dxe7 Qxe7 23. Qd5 Rd8 24. Qxe4 Qe6 25. Rad1 Rfd7 26. Rxd7 Rxd7 27. Rc1 h5
28. g4 hxg4 29. hxg4 Kh7 30. Qh1+ Kg8 31. Qe4 Kh7 32. Qh1+ Kg8 33. Qe4 Kh7 1/2-1/2

[Event "12th TCh-RUS Women"]
[Site "Olginka RUS"]
[Date "2011.04.16"]
[Round "1"]
[White "Bezgodova, Svetlana"]
[Black "Muzychuk, Mariya"]
[Result "0-1"]
[BlackTitle "IM"]
[WhiteElo "2147"]
[BlackElo "2476"]
[WhiteTeam "Ugra"]
[BlackTeam "ABC"]
[WhiteFideId "4110650"]
[BlackFideId "14114550"]
[EventDate "2011.04.16"]

1. Nf3 c5 2. c4 Nc6 3. d4 cxd4 4. Nxd4 Nf6 5. Nc3 e6 6. e3 d5 7. Be2 Bd6 8. O-O
O-O 9. cxd5 exd5 10. b3 Be5 11. Ba3 Re8 12. Nxc6 bxc6 13. Rc1 Bd7 14. Qc2 Qb8
15. g3 h5 16. Bf3 h4 17. Ne2 Ne4 18. Rfd1 Qc8 19. Nd4 Ng5 20. Bg2 Bg4 21. Nxc6
Qa6 22. Ne7+ Kh8 23. Bc5 Bxd1 24. Qxd1 hxg3 25. Qh5+ Qh6 26. Qxh6+ gxh6 27. f4
gxh2+ 28. Kh1 Ne6 29. Ba3 Bg7 30. Nxd5 Rac8 31. Rxc8 Rxc8 32. Be4 Rc6 33. Bd3
Nc7 34. Ne7 Rc3 35. Bc4 Rxe3 36. Kxh2 Ne6 37. Nd5 Re1 38. Bd6 Bd4 39. Kg3 Nc5
40. Bf8 Ne4+ 41. Kh2 Bg7 42. Bb4 Ra1 43. a4 Nd2 44. Bxd2 Ra2 45. Kg3 Rxd2 46.
Nb4 Rd7 47. Nc6 Bc3 48. b4 Bxb4 49. Ne5 Rc7 50. Bxf7 Bd6 51. Bh5 Bxe5 52. fxe5
Rc4 53. e6 Re4 54. Bf7 Kg7 55. a5 Kf6 56. a6 Ra4 57. Be8 Rxa6 0-1

[Event "12th TCh-RUS Women"]
[Site "Olginka RUS"]
[Date "2011.04.16"]
[Round "1"]
[White "Tomilova, Elena"]
[Black "Galliamova, Alisa"]
[Result "1/2-1/2"]
[WhiteTitle "WIM"]
[BlackTitle "IM"]
[WhiteElo "2315"]
[BlackElo "2497"]
[WhiteTeam "Polytechnic"]
[BlackTeam "Rook"]
[WhiteFideId "4162340"]
[BlackFideId "4129725"]
[EventDate "2011.04.16"]

1. d4 d5 2. c4 c6 3. cxd5 cxd5 4. Nc3 Nf6 5. Nf3 g6 6. Bf4 Nc6 7. e3 a6 8. h3
Bg7 9. Be2 O-O 10. O-O Bf5 11. Rc1 Qa5 12. Qb3 Qb4 13. Qxb4 Nxb4 14. Ne5 Rac8
15. a3 Nc6 16. g4 Be6 17. Bf3 Rfd8 18. Nd3 h5 19. Nc5 hxg4 20. hxg4 Bxg4 21.
Bxg4 Nxg4 22. Nxb7 Rd7 23. Nc5 Rdd8 24. Nxa6 e5 25. dxe5 d4 26. exd4 Nxd4 27.
Kg2 Nxe5 28. Nb4 Nb3 29. Rce1 1/2-1/2

[Event "12th TCh-RUS Women"]
[Site "Olginka RUS"]
[Date "2011.04.16"]
[Round "1"]
[White "Paikidze, Nazi"]
[Black "Kharashuta, Ekaterina"]
[Result "0-1"]
[WhiteTitle "WGM"]
[BlackTitle "WIM"]
[WhiteElo "2425"]
[BlackElo "2270"]
[WhiteTeam "Rook"]
[BlackTeam "Polytechnic"]
[WhiteFideId "13603620"]
[BlackFideId "4193172"]
[EventDate "2011.04.16"]

1. d4 d6 2. Nf3 Bg4 3. c4 Nd7 4. Nc3 e5 5. e4 Be7 6. Be2 Ngf6 7. Be3 c6 8. d5 a5
9. Nd2 Bxe2 10. Qxe2 O-O 11. O-O Qc7 12. Rac1 a4 13. g3 Qa5 14. a3 Bd8 15. Rfd1
Nc5 16. Kg2 Re8 17. f3 Bb6 18. Na2 Rac8 19. Rc3 Nfd7 20. Nb4 Red8 21. Qf2 Na6
22. dxc6 Bxe3 23. Qxe3 bxc6 24. Nxa6 Qxa6 25. f4 Rb8 26. Rb1 d5 27. cxd5 cxd5
28. exd5 Nf6 29. Rc5 exf4 30. Qxf4 Nxd5 31. Qf2 Qd3 32. Kh1 Nf6 0-1

[Event "12th TCh-RUS Women"]
[Site "Olginka RUS"]
[Date "2011.04.16"]
[Round "1"]
[White "Novikova, Anna"]
[Black "Gaponenko, Inna"]
[Result "0-1"]
[WhiteTitle "WIM"]
[BlackTitle "IM"]
[WhiteElo "2240"]
[BlackElo "2435"]
[WhiteTeam "Polytechnic"]
[BlackTeam "Rook"]
[WhiteFideId "4146794"]
[BlackFideId "14101181"]
[EventDate "2011.04.16"]

1. e4 c5 2. c3 Nf6 3. e5 Nd5 4. d4 cxd4 5. Nf3 Nc6 6. cxd4 d6 7. Bc4 Nb6 8. Bb5
dxe5 9. Nxe5 Bd7 10. Nxd7 Qxd7 11. O-O Rd8 12. Nc3 e6 13. a4 Be7 14. a5 Nd5 15.
a6 Ndb4 16. axb7 Qxb7 17. Qf3 a6 18. Rxa6 Rc8 19. Ra4 O-O 20. Be3 Rfd8 21. Qe4
Rc7 22. Rd1 Nd5 23. Nxd5 exd5 24. Qd3 Nb4 25. Qf1 Rc2 26. Rb1 Rb8 27. Bf4 Rd8
28. b3 h6 29. h3 Bf8 30. Be2 Qc8 31. Qe1 Qf5 32. Be3 Rxe2 33. Qxe2 Qxb1+ 34. Kh2
Qxb3 35. Ra7 Nc6 36. Ra6 Qb7 37. Ra2 Ne7 38. Qg4 Qd7 39. Qd1 Nf5 40. Bc1 Qc7+
41. g3 Rc8 42. Bd2 Qc4 0-1

[Event "12th TCh-RUS Women"]
[Site "Olginka RUS"]
[Date "2011.04.16"]
[Round "1"]
[White "Turova, Irina"]
[Black "Rassokhina, Ekaterina"]
[Result "1-0"]
[WhiteTitle "IM"]
[BlackTitle "WFM"]
[WhiteElo "2428"]
[BlackElo "2055"]
[WhiteTeam "Rook"]
[BlackTeam "Polytechnic"]
[WhiteFideId "4120876"]
[BlackFideId "24117978"]
[EventDate "2011.04.16"]

1. d4 Nf6 2. c4 e6 3. Nc3 d5 4. cxd5 exd5 5. Bg5 Be7 6. e3 c6 7. Bd3 O-O 8. Qc2
Nbd7 9. Nf3 Re8 10. O-O Nf8 11. h3 Ne4 12. Bf4 f5 13. Ne5 Nd7 14. f3 Nxc3 15.
bxc3 Nxe5 16. Bxe5 Bf6 17. f4 g6 18. c4 Be6 19. c5 Bxe5 20. fxe5 Qg5 21. Rf3 Re7
22. Raf1 Rf8 23. Qa4 a6 24. Qc2 Ref7 25. Qf2 Kh8 26. Rg3 Qh6 27. Qf4 Qxf4 28.
exf4 Kg7 29. Be2 Rh8 30. Rb3 h5 31. Rfb1 Bc8 32. Rg3 Kh6 33. Kf2 h4 34. Rg5 Rfh7
35. Rb3 Kg7 36. g4 hxg3+ 37. Rbxg3 Rh6 38. h4 Kf7 39. h5 gxh5 40. Rg7+ Ke6 41.
Bxh5 Rf8 42. R3g5 Bd7 43. Ke3 Be8 44. Bxe8 Rxe8 45. Rxb7 Reh8 46. Rg3 Rh3 47.
Kf3 Rxg3+ 48. Kxg3 Rg8+ 49. Kf3 Rg1 50. Rc7 Rd1 51. Rxc6+ Ke7 52. Rxa6 Rd3+ 53.
Ke2 Rxd4 54. Ke3 Re4+ 55. Kf3 d4 56. Rd6 Re3+ 57. Kf2 Re4 58. Kg3 Re3+ 59. Kh4
Rc3 60. Rxd4 Rxc5 61. Kg5 Ra5 62. Kxf5 Rxa2 63. Rb4 Ra7 64. Ke4 Rc7 65. f5 Kf7
66. Kf4 Re7 67. f6 Rc7 68. Kf5 Rc1 69. e6+ Kg8 70. Rb8+ Kh7 71. e7 1-0

[Event "12th TCh-RUS Women"]
[Site "Olginka RUS"]
[Date "2011.04.16"]
[Round "1"]
[White "Kosteniuk, Alexandra"]
[Black "Ovod, Evgenija"]
[Result "1-0"]
[WhiteTitle "GM"]
[BlackTitle "IM"]
[WhiteElo "2503"]
[BlackElo "2405"]
[WhiteTeam "SHSM - RSCU"]
[BlackTeam "MI Chigorin CC"]
[WhiteFideId "4128125"]
[BlackFideId "4131827"]
[EventDate "2011.04.16"]

1. e4 e5 2. Nf3 Nc6 3. Bb5 a6 4. Ba4 Nf6 5. O-O Be7 6. Re1 d6 7. c3 Bg4 8. d3
O-O 9. Nbd2 Nd7 10. b4 b5 11. Bb3 Nb6 12. h3 Be6 13. d4 exd4 14. Nxd4 Bxb3 15.
N2xb3 Qd7 16. Re3 Ne5 17. Nf5 Bf6 18. Rg3 Kh8 19. Qh5 Ng6 20. Bg5 Bxg5 21. Qxg5
f6 22. Qg4 Rf7 23. Rd1 Qe8 24. h4 Nc4 25. Rh3 Nce5 26. Qg3 h5 27. Ne3 Nf8 28. f4
Ng4 29. Rd5 Nxe3 30. Qxe3 Re7 31. Nd2 a5 32. a3 axb4 33. cxb4 Rd8 34. Qf3 g6 35.
Qc3 Kg7 36. Rg3 Kf7 37. Qf3 c6 38. Rxh5 d5 39. f5 dxe4 40. fxg6+ Kg7 41. Qe3 1-0

[Event "12th TCh-RUS Women"]
[Site "Olginka RUS"]
[Date "2011.04.16"]
[Round "1"]
[White "Ivkina, Olga"]
[Black "Gunina, Valentina"]
[Result "0-1"]
[WhiteTitle "WIM"]
[BlackTitle "WGM"]
[WhiteElo "2289"]
[BlackElo "2472"]
[WhiteTeam "MI Chigorin CC"]
[BlackTeam "SHSM - RSCU"]
[WhiteFideId "4156820"]
[BlackFideId "4167570"]
[EventDate "2011.04.16"]

1. e4 c6 2. d4 d5 3. e5 Bf5 4. Nc3 e6 5. g4 Bg6 6. Nge2 c5 7. Be3 cxd4 8. Nxd4
Bb4 9. f4 Be4 10. Bb5+ Nd7 11. O-O Bxc3 12. bxc3 Ne7 13. f5 O-O 14. f6 Ng6 15.
Bxd7 Qxd7 16. Qd2 Rfc8 17. Rae1 Qc7 18. Nb5 Qxe5 19. Bd4 Qb8 20. fxg7 a6 21. Qf2
f5 22. Rxe4 dxe4 23. gxf5 Ne5 24. Qe2 axb5 25. Qxe4 Ra4 26. fxe6 Rxd4 27. cxd4
Ng6 28. e7 Kxg7 29. Qe6 Nf4 30. Qg4+ Ng6 31. Qf5 Re8 32. Qf6+ Kh6 33. Rf3 Qc8
34. Rg3 Qd7 35. Qg5+ Kg7 36. h4 Qxd4+ 37. Kh2 Kh8 38. Rf3 Qd6+ 39. Kg2 Qxe7 0-1

[Event "12th TCh-RUS Women"]
[Site "Olginka RUS"]
[Date "2011.04.16"]
[Round "1"]
[White "Romanko, Marina"]
[Black "Bronnikova, Elizaveta"]
[Result "0-1"]
[WhiteTitle "IM"]
[BlackTitle "WIM"]
[WhiteElo "2402"]
[BlackElo "2251"]
[WhiteTeam "SHSM - RSCU"]
[BlackTeam "MI Chigorin CC"]
[WhiteFideId "4149351"]
[BlackFideId "4157087"]
[EventDate "2011.04.16"]

1. d4 Nf6 2. c4 g6 3. Nf3 Bg7 4. g3 d6 5. Bg2 O-O 6. O-O c6 7. Nc3 Bf5 8. Ne1
Be6 9. b3 d5 10. cxd5 Nxd5 11. Bb2 Nxc3 12. Bxc3 Na6 13. Qd2 Qc8 14. Nd3 Bh3 15.
Rfd1 Bxg2 16. Kxg2 Rd8 17. Qe3 Nc7 18. Bb2 Qe6 19. Qf4 Qd6 20. Qf3 Ne6 21. e3
Ng5 22. Qe2 Qd5+ 23. f3 Ne6 24. Rac1 Qa5 25. Bc3 Qb5 26. Bb4 Rd7 27. a4 Qb6 28.
Qc2 a5 29. Be1 Nc7 30. Bf2 Na6 31. Qc4 Rad8 32. Re1 e6 33. g4 Bf6 34. Re2 Kg7
35. Bg3 Rd5 36. h4 h6 37. Nf4 R5d7 38. h5 g5 39. Nd3 Nb4 40. Nc5 Rd5 41. Ne4 Be7
42. Be5+ f6 43. Bg3 Qa6 44. Nc3 Qxc4 45. bxc4 R5d7 46. Rf1 c5 47. Nb5 Rc8 48. f4
cxd4 49. exd4 Rxc4 50. fxg5 hxg5 51. Rxe6 Nd5 52. Ra1 Kf7 53. Re2 Nb6 54. h6 Kg6
55. Rh1 Kh7 56. Re6 Nd5 57. Kf3 Rxa4 58. Ke4 Rb4 59. Nd6 Nc7 60. Rxe7+ Rxe7+ 61.
Kf3 Rxd4 62. Rc1 Rd3+ 63. Kg2 Nd5 64. Rc8 Ne3+ 0-1

[Event "12th TCh-RUS Women"]
[Site "Olginka RUS"]
[Date "2011.04.16"]
[Round "1"]
[White "Gromova, Iulia"]
[Black "Girya, Olga"]
[Result "1/2-1/2"]
[WhiteTitle "WIM"]
[BlackTitle "WGM"]
[WhiteElo "2214"]
[BlackElo "2425"]
[WhiteTeam "MI Chigorin CC"]
[BlackTeam "SHSM - RSCU"]
[WhiteFideId "4152832"]
[BlackFideId "4195752"]
[EventDate "2011.04.16"]

1. d4 d5 2. c4 c6 3. Nf3 Nf6 4. e3 Bf5 5. Nc3 e6 6. Nh4 Bg6 7. Qb3 Qc7 8. Bd2
Nbd7 9. cxd5 exd5 10. Nxg6 hxg6 11. O-O-O Be7 12. Kb1 Nb6 13. h3 a5 14. Na4 Nxa4
15. Qxa4 Ne4 16. Be1 O-O 17. Bd3 Rfe8 18. h4 Bb4 19. Bxe4 Bxe1 20. Rdxe1 Rxe4
21. Rc1 Qe7 22. g3 Qf6 23. Rc2 Re6 24. Qb3 Qe7 25. Qd3 Qf6 26. Qb3 Re7 27. Rhc1
Qf5 28. Qa3 Re6 29. Qb3 Re7 30. Qa3 Re6 31. Qb3 Re7 32. Qa3 1/2-1/2

[Event "12th TCh-RUS Women"]
[Site "Olginka RUS"]
[Date "2011.04.16"]
[Round "1"]
[White "Zhukova, Natalia"]
[Black "Cmilyte, Viktorija"]
[Result "0-1"]
[WhiteTitle "GM"]
[BlackTitle "GM"]
[WhiteElo "2443"]
[BlackElo "2526"]
[WhiteTeam "Giprorechtrans"]
[BlackTeam "SPbShF"]
[WhiteFideId "14101513"]
[BlackFideId "12801259"]
[EventDate "2011.04.16"]

1. d4 Nf6 2. c4 e6 3. Nf3 c5 4. e3 a6 5. Nc3 d5 6. cxd5 exd5 7. Be2 Nc6 8. O-O
cxd4 9. exd4 Bd6 10. Bg5 Be6 11. Na4 O-O 12. Nc5 Bxc5 13. dxc5 d4 14. Rc1 Re8
15. Re1 h6 16. Bh4 Bxa2 17. b3 g5 18. Nxg5 hxg5 19. Bxg5 d3 20. Bxd3 Rxe1+ 21.
Qxe1 Qxd3 22. Bxf6 Qf5 23. Qc3 Kh7 24. Qb2 Rg8 25. g3 Bxb3 26. Qxb3 Qxf6 27.
Qxb7 a5 28. Rc4 Rg6 29. Qc7 Ne5 30. Ra4 Nd3 31. Ra2 Qf3 32. Qxa5 Nf4 0-1

[Event "12th TCh-RUS Women"]
[Site "Olginka RUS"]
[Date "2011.04.16"]
[Round "1"]
[White "Zaiatz, Elena"]
[Black "Bodnaruk, Anastasia"]
[Result "1-0"]
[WhiteTitle "IM"]
[BlackTitle "IM"]
[WhiteElo "2426"]
[BlackElo "2423"]
[WhiteTeam "Giprorechtrans"]
[BlackTeam "SPbShF"]
[WhiteFideId "4139518"]
[BlackFideId "4181751"]
[EventDate "2011.04.16"]

1. d4 Nf6 2. c4 e6 3. Nc3 Bb4 4. f3 c5 5. a3 Bxc3+ 6. bxc3 d5 7. cxd5 Nxd5 8.
dxc5 Qa5 9. e4 Nf6 10. Be3 Nbd7 11. Qd4 O-O 12. Ne2 e5 13. Qd6 Re8 14. c6 bxc6
15. Qb4 Qc7 16. Ng3 a5 17. Qb3 a4 18. Qc2 Ra5 19. Qf2 g6 20. Be2 Qd6 21. O-O Nc5
22. Rfd1 Qf8 23. Bg5 Nfd7 24. Bc4 Nb6 25. Ba2 Be6 26. Bxe6 fxe6 27. Rab1 Nc4 28.
Nf1 Nxa3 29. Rb6 Nb5 30. Rxc6 Nxc3 31. Re1 a3 32. Qc2 N3a4 33. Ne3 Nb2 34. Ng4
Rc8 35. Nh6+ Kg7 36. Qc3 Nbd3 37. Rxc8 Qxc8 38. Qxa5 Nxe1 39. Qxa3 Ned3 40. h4
Qb7 41. Kh2 Qa6 42. Qc3 Qb5 43. Ng4 Qb4 44. Bh6+ Kg8 45. Qa1 Qa4 46. Qb1 Qb3 47.
Qg1 Qb2 48. Qe3 Kf7 49. Qg5 Ne1 50. Qf6+ Ke8 51. Qf8+ Kd7 52. Nf6+ Kc7 53. Qxc5+
Kb7 54. Qe7+ Ka8 55. Qd8+ Kb7 56. Bd2 1-0

[Event "12th TCh-RUS Women"]
[Site "Olginka RUS"]
[Date "2011.04.17"]
[Round "2"]
[White "Munguntuul, Batkhuyag"]
[Black "Lahno, Kateryna"]
[Result "1/2-1/2"]
[WhiteTitle "IM"]
[BlackTitle "GM"]
[WhiteElo "2434"]
[BlackElo "2531"]
[WhiteTeam "Giprorechtrans"]
[BlackTeam "ABC"]
[WhiteFideId "4900758"]
[BlackFideId "14109336"]
[EventDate "2011.04.16"]

1. e4 e5 2. Nf3 Nc6 3. Bb5 a6 4. Ba4 Nf6 5. O-O Be7 6. Re1 b5 7. Bb3 d6 8. a4
Bg4 9. c3 O-O 10. h3 Bxf3 11. Qxf3 Na5 12. Bc2 b4 13. d4 c5 14. Be3 cxd4 15.
cxd4 Qc7 16. Bd1 exd4 17. Bxd4 Nc6 18. Qd3 Nxd4 19. Qxd4 d5 20. Nd2 Bc5 21. Qd3
Rfe8 22. Bf3 Qb6 23. Qf1 dxe4 24. Nxe4 Nxe4 25. Bxe4 Rad8 26. Rac1 g6 27. Re2 b3
28. Rc3 Bd4 29. Rf3 Kg7 30. Bd3 Qb4 31. Qc1 Rxe2 32. Bxe2 Qxa4 33. Bc4 Rd7 34.
Bxb3 Qb4 35. Qc4 Qxc4 1/2-1/2

[Event "12th TCh-RUS Women"]
[Site "Olginka RUS"]
[Date "2011.04.17"]
[Round "2"]
[White "Pogonina, Natalija"]
[Black "Zaiatz, Elena"]
[Result "0-1"]
[WhiteTitle "WGM"]
[BlackTitle "IM"]
[WhiteElo "2446"]
[BlackElo "2426"]
[WhiteTeam "ABC"]
[BlackTeam "Giprorechtrans"]
[WhiteFideId "4147855"]
[BlackFideId "4139518"]
[EventDate "2011.04.16"]

1. e4 e5 2. Nf3 Nc6 3. Bb5 a6 4. Ba4 Nf6 5. O-O Be7 6. d3 b5 7. Bb3 d6 8. a4 Bg4
9. c3 O-O 10. h3 Bxf3 11. Qxf3 Na5 12. Bd1 b4 13. Qg3 Nd7 14. Bh6 Bf6 15. Nd2
Rb8 16. Be3 bxc3 17. bxc3 Rb2 18. d4 exd4 19. cxd4 c5 20. Nf3 Qe7 21. Rc1 Nc6
22. Bf4 Nxd4 23. Bxd6 Qxe4 24. Bxf8 Nxf8 25. Rxc5 Nde6 26. Rc8 Qb7 27. Rc1 Nd7
28. Qd6 Rb6 29. Qa3 Bb2 30. Qe3 Bxc1 31. Qxc1 Ndc5 32. Bc2 Rb4 33. Qd1 g6 34.
Re1 a5 35. Qa1 Rb2 36. Qd1 Qb4 37. Rf1 Qc4 38. Bb1 Qxa4 39. Qd5 Qd7 40. Qa8+ Qd8
41. Qxd8+ Nxd8 42. Rd1 Nde6 43. Bd3 Nxd3 44. Rxd3 a4 45. Ra3 Nc5 46. Nd4 Rb4 47.
Nc6 Rb1+ 48. Kh2 Rb3 49. Ra2 Kg7 50. Rc2 Nd3 51. Rd2 Nc1 52. Na5 Rc3 53. Rd4 a3
54. Ra4 a2 55. f3 Rc2 56. h4 Rb2 0-1

[Event "12th TCh-RUS Women"]
[Site "Olginka RUS"]
[Date "2011.04.17"]
[Round "2"]
[White "Vasilevich, Irina"]
[Black "Savina, Anastasia"]
[Result "1/2-1/2"]
[WhiteTitle "IM"]
[BlackTitle "WGM"]
[WhiteElo "2324"]
[BlackElo "2383"]
[WhiteTeam "Giprorechtrans"]
[BlackTeam "ABC"]
[WhiteFideId "4141296"]
[BlackFideId "4196872"]
[EventDate "2011.04.16"]

1. e4 c5 2. Nf3 Nc6 3. Bb5 d6 4. d4 cxd4 5. Qxd4 Bd7 6. Bxc6 Bxc6 7. Nc3 Nf6 8.
Bg5 e6 9. O-O-O Be7 10. Qd3 h6 11. Bh4 O-O 12. Nd4 Qc7 13. f4 Nxe4 14. Ncb5 Qd7
15. Nxc6 bxc6 16. Nxd6 Bxd6 17. Qxe4 Qc7 18. Rhf1 Rab8 19. Be1 Rb5 20. c4 Rb7
21. Bc3 Bb4 22. Be5 Qa5 23. Kc2 Qa6 24. Kb1 Qb6 25. b3 a5 26. Rf3 a4 27. Rg3 f6
28. Bd4 c5 29. Bb2 a3 30. Bc1 Re7 31. f5 Kh8 32. Rgd3 Rfe8 33. Rd6 Qc7 34. fxe6
Qc8 35. Qg6 Rxe6 36. Bxh6 R6e7 37. Bc1 Qa8 38. R6d5 Re5 39. R1d3 Kg8 40. Rg3 Qb7
41. Rh3 Qe7 42. Qh7+ Kf8 43. Rxe5 Qxe5 44. Re3 Qxe3 45. Bxe3 Rxe3 46. Qh8+ Kf7
47. Qh5+ Kf8 48. Kc2 Rc3+ 49. Kb1 Re3 50. Kc2 Rc3+ 51. Kb1 Rd3 52. Qh8+ Kf7 53.
Qh5+ Kf8 54. Qh8+ Kf7 1/2-1/2

[Event "12th TCh-RUS Women"]
[Site "Olginka RUS"]
[Date "2011.04.17"]
[Round "2"]
[White "Ovod, Evgenija"]
[Black "Nebolsina, Vera"]
[Result "0-1"]
[WhiteTitle "IM"]
[BlackTitle "WGM"]
[WhiteElo "2405"]
[BlackElo "2305"]
[WhiteTeam "MI Chigorin CC"]
[BlackTeam "Ugra"]
[WhiteFideId "4131827"]
[BlackFideId "4163591"]
[EventDate "2011.04.16"]

1. d4 d5 2. c4 c6 3. Nf3 Nf6 4. e3 Bf5 5. Nc3 e6 6. Be2 Nbd7 7. Nh4 Be4 8. f3
Bg6 9. O-O Bd6 10. g3 Qe7 11. Nxg6 hxg6 12. f4 dxc4 13. Bxc4 O-O-O 14. a3 Rh5
15. b4 Rdh8 16. Ra2 g5 17. fxg5 Rxg5 18. e4 Rgh5 19. e5 Nxe5 20. dxe5 Bxe5 21.
Rf3 Qc7 22. Rg2 Ng4 23. Ne4 Nxh2 24. Rd3 Nf3+ 25. Qxf3 Rh1+ 26. Kf2 Rxc1 27. Bb3
Kb8 28. Qe3 Rhh1 29. Kf3 Rhf1+ 30. Rf2 Rg1 31. Qd2 Kc8 32. Rg2 Rgf1+ 33. Nf2 c5
34. Ba4 b5 35. Rd8+ Qxd8 36. Qxd8+ Kxd8 37. Bxb5 c4 38. Rh2 g6 39. Rh4 Rc2 40.
Bxc4 Rfxf2+ 0-1

[Event "12th TCh-RUS Women"]
[Site "Olginka RUS"]
[Date "2011.04.17"]
[Round "2"]
[White "Bronnikova, Elizaveta"]
[Black "Kabanova, Ekaterina"]
[Result "0-1"]
[WhiteTitle "WIM"]
[BlackTitle "WFM"]
[WhiteElo "2251"]
[BlackElo "2190"]
[WhiteTeam "MI Chigorin CC"]
[BlackTeam "Ugra"]
[WhiteFideId "4157087"]
[BlackFideId "24112917"]
[EventDate "2011.04.16"]

1. e4 c5 2. Nf3 Nc6 3. d4 cxd4 4. Nxd4 Nf6 5. Nc3 d6 6. Be2 g6 7. O-O Bg7 8. Nb3
O-O 9. Bg5 Be6 10. Re1 a5 11. Bb5 Rc8 12. Nd5 Bxd5 13. exd5 Ne5 14. a4 Qb6 15.
Be3 Qc7 16. c3 Ra8 17. Bd4 Nh5 18. g3 Bf6 19. Qe2 Rfc8 20. f4 Nd7 21. Rad1 Nb6
22. Bxf6 exf6 23. Qe7 f5 24. Re3 Qb8 25. Rd4 Rf8 26. Nd2 Kg7 27. Nc4 Nc8 28. Qh4
Nf6 29. h3 h5 30. Qg5 Rh8 31. Re1 Qc7 32. Ne3 Ne7 33. g4 hxg4 34. hxg4 Ne4 35.
Nxf5+ Nxf5 36. Rdxe4 Qc5+ 37. Kg2 Rh2+ 38. Kxh2 Qf2+ 0-1

[Event "12th TCh-RUS Women"]
[Site "Olginka RUS"]
[Date "2011.04.17"]
[Round "2"]
[White "Yakupova, Aysyla"]
[Black "Gromova, Iulia"]
[Result "1/2-1/2"]
[BlackTitle "WIM"]
[WhiteElo "2115"]
[BlackElo "2214"]
[WhiteTeam "Ugra"]
[BlackTeam "MI Chigorin CC"]
[WhiteFideId "4197569"]
[BlackFideId "4152832"]
[EventDate "2011.04.16"]

1. e4 c6 2. d4 d5 3. exd5 cxd5 4. Bd3 Nc6 5. c3 Qc7 6. Ne2 Bg4 7. f3 Bd7 8. Bf4
e5 9. dxe5 Nxe5 10. O-O Bd6 11. Nd4 Ne7 12. Na3 a6 13. Nac2 N7g6 14. Bg3 Nxd3
15. Bxd6 Qxd6 16. Qxd3 O-O 17. Ne3 Nf4 18. Qd2 Qh6 19. Rad1 Rfe8 20. Ng4 Qd6 21.
Nf2 Rad8 22. Nd3 Nxd3 23. Qxd3 Re5 24. Rfe1 Rde8 25. Qd2 h6 26. Rxe5 Qxe5 27.
Rf1 Bf5 28. Rf2 Qe1+ 29. Qxe1 Rxe1+ 30. Rf1 Rxf1+ 31. Kxf1 Bb1 32. a3 Kf8 33.
Ke2 Ke7 34. Ke3 Kd6 35. Kf4 Bd3 36. h4 g6 37. g3 Bb1 1/2-1/2

[Event "12th TCh-RUS Women"]
[Site "Olginka RUS"]
[Date "2011.04.17"]
[Round "2"]
[White "Galliamova, Alisa"]
[Black "Cmilyte, Viktorija"]
[Result "1-0"]
[WhiteTitle "IM"]
[BlackTitle "GM"]
[WhiteElo "2497"]
[BlackElo "2526"]
[WhiteTeam "Rook"]
[BlackTeam "SPbShF"]
[WhiteFideId "4129725"]
[BlackFideId "12801259"]
[EventDate "2011.04.16"]

1. d4 Nf6 2. c4 g6 3. Nc3 d5 4. Bf4 Bg7 5. Rc1 O-O 6. e3 Be6 7. Qb3 c5 8. Nf3
Nc6 9. dxc5 dxc4 10. Qxb7 Rc8 11. Ng5 Bf5 12. e4 Bd7 13. Bxc4 e5 14. Bg3 Qe7 15.
O-O Rb8 16. Qa6 Rxb2 17. Nf3 Nh5 18. Nd5 Qe8 19. Rb1 Qb8 20. Rxb2 Qxb2 21. Bb3
Rb8 22. Ng5 Nxg3 23. fxg3 Qd4+ 24. Kh1 Rf8 25. Qb7 Be8 26. Ne7+ Nxe7 27. Qxe7
Qd3 28. Rd1 Qc3 29. Nf3 Bc6 30. h3 Qa5 31. Ng5 Ba4 32. Bxa4 Qxa4 33. Rd8 Qc4 34.
c6 Qc1+ 35. Kh2 Rxd8 36. Qxd8+ Bf8 37. c7 1-0